01543nam a22002057a 4500003000900000005001700009008004100026040002800067100004400095245026300139260003600402300004000438502016400478504005300642505040500695700005201100700004201152700004001194830010301234DO-SdBJH20241021142129.0241021b |||||||| |||| 00| 0 spa d aDO-SdBJHbspacDO-SdBJH1 aMuñoz Jiménez, Wildynsesustentante10aGestión Humana del Ministerio de Defensa de la República Dominicana y su impacto en las Fuerzas Armadas, período 2017-2021 / c Wildyns Muñoz Jiménez, Félix Ramón García Taveras, asesores Moltimer de Jesús Eusebio, José E. Méndez Medina aSanto Domingo :bINSUDE, c2023 ai, 111 páginas, gráficos, tabla aTesis (Maestría en Defensa y Seguridad Nacional). -- Instituto Superior para la Defensa (INSUDE). Escuela de Graduados de Altos Estudios Estratégico, 2023 aIncluye referencias bibliográficas e índices aConceptos generales y antecedentes de la gestión humana del Ministerio de Defensa en la República Dominicana. -- Procedimientos y controles de gestión humana que desarrolla el Ministerio de Defensa y como influye en las decisiones estratégicas de las Fuerzas Armadas Dominicana. -- Impacto de la gestión humana del Ministerio de Defensa en las Fuerzas Armadas durante el período 2017-20211 aGarcía Taveras, Félix Ramón esustentante1 ade Jesús Eusebio, Moltimer easesor1 aMéndez Medina, José E. easesor aINSUDE. Escuela de Graduados de Altos Estudios Estratégico. Tesis y disertaciones académicas